Justified. The complete fourth season /
In Season 4, Raylan will start to pick at the thread of a cold case over 30 years in the making, unraveling a riddle that echoes all the way back to his boyhood and his criminal father's bad dealings. Meanwhile Boyd Crowder finds his grip on Harlan loosening due to a Pentecostal preacher with a...
| Uniform Title: | Justified (Television program). |
|---|---|
| Corporate Authors: | , |
| Other Authors: | , , , , , |
| Format: | Video DVD |
| Language: | English Spanish |
| Language Notes: | English or Spanish dialogue with optional English subtitles; English subtitles for the deaf and hard of hearing. |
| Subjects: |
MARC
| Tag | First Indicator | Second Indicator | Subfields |
|---|---|---|---|
| LEADER | 00000cgm a2200000Ii 4500 | ||
| 001 | in00003385977 | ||
| 005 | 20151206085858.0 | ||
| 007 | vd cvaizq | ||
| 008 | 131104s2013 cau558 vleng d | ||
| 024 | 1 | |a 043396424333 | |
| 028 | 4 | 2 | |a 42433 |b Sony Pictures Home Entertainment |
| 035 | |a (OCoLC)ocn862083254 | ||
| 035 | |a (OCoLC)862083254 | ||
| 037 | |b Midwest Tape |n http://www.midwesttapes.com | ||
| 040 | |a TEFMT |b eng |e rda |c TEFMT |d TEF |d BDX |d OCP |d IK2 |d TXA |d UtOrBLW | ||
| 041 | 1 | |a eng |a spa |j fre |j kor |j por |j chi |j eng |h eng | |
| 043 | |a n-us-ky | ||
| 049 | |a TXAM | ||
| 050 | 4 | |a PN1992.77 |b .J87 2013 | |
| 082 | 0 | 4 | |a 791.45/75 |2 23 |
| 090 | |a PN1992.77.J89 |b J874 2013 | ||
| 130 | 0 | |a Justified (Television program). |n Season 4. | |
| 245 | 1 | 0 | |a Justified. |n The complete fourth season / |c Bluebush Productions ; Sony Pictures Television, Inc. |
| 246 | 3 | |a Justified. |n Season 4 | |
| 264 | 2 | |a Culver City, CA : |b Sony Pictures Home Entertainment, |c [2013] | |
| 300 | |a 3 videodiscs (558 min.) : |b sound, color ; |c 4 3/4 in. | ||
| 336 | |a two-dimensional moving image |b tdi |2 rdacontent | ||
| 337 | |a video |b v |2 rdamedia | ||
| 338 | |a videodisc |b vd |2 rdacarrier | ||
| 344 | |a digital |b optical |2 rda | ||
| 347 | |a video file |b DVD video |2 rda | ||
| 538 | |a DVD, region 1, anamorphic widescreen; Dolby Digital. | ||
| 546 | |a English or Spanish dialogue with optional English subtitles; English subtitles for the deaf and hard of hearing. | ||
| 500 | |a Title from web page. | ||
| 511 | 1 | |a Timothy Olyphant, Nick Searcy, Joelle Carter, Erica Tazel, Walton Goggins, Jacob Pitts. | |
| 521 | 8 | |a Rating: TVMA. | |
| 520 | |a In Season 4, Raylan will start to pick at the thread of a cold case over 30 years in the making, unraveling a riddle that echoes all the way back to his boyhood and his criminal father's bad dealings. Meanwhile Boyd Crowder finds his grip on Harlan loosening due to a Pentecostal preacher with a penchant for theatrics and a knack for manipulation to rival his own. | ||
| 505 | 0 | |a Disc 1. Hole in the wall ; Where's Waldo? ; Truth and consequences ; This bird has flown ; Kin -- disc 2. Foot chase ; Money trap ; Outlaw ; The hatchet tour -- disc 3. Get Drew ; Decoy ; Peace of mind ; Ghosts. | |
| 650 | 0 | |a United States marshals |v Drama. | |
| 650 | 0 | |a Drug traffic |z Kentucky |v Drama. | |
| 650 | 0 | |a Crime |v Drama. | |
| 651 | 0 | |a Kentucky |v Drama. | |
| 650 | 7 | |a Mariscales |z Estados Unidos |v Teatro. |2 bidex | |
| 650 | 7 | |a Tráfico de drogas |v Teatro. |2 bidex | |
| 655 | 7 | |a Television crime shows. |2 lcgft | |
| 655 | 7 | |a Detective and mystery television programs. |2 lcgft | |
| 655 | 7 | |a Action and adventure television programs. |2 lcgft | |
| 655 | 7 | |a Television series. |2 lcgft | |
| 655 | 7 | |a Fiction television programs. |2 lcgft | |
| 655 | 7 | |a Video recordings for the hearing impaired. |2 lcgft | |
| 700 | 1 | |a Olyphant, Timothy, |e actor. | |
| 700 | 1 | |a Searcy, Nick, |e actor. | |
| 700 | 1 | |a Carter, Joelle, |e actor. | |
| 700 | 1 | |a Tazel, Erica, |e actor. | |
| 700 | 1 | |a Pitts, Jacob, |e actor. | |
| 700 | 1 | |a Goggins, Walton, |d 1971- |e actor. | |
| 710 | 2 | |a Bluebush Productions. | |
| 710 | 2 | |a Sony Pictures Television. | |
| 710 | 2 | |a Sony Pictures Home Entertainment (Firm), |e film distributor. | |
| 994 | |a C0 |b TXA | ||
| 948 | |a cataloged |b h |c 2013/12/19 |d c |e blrosas |f 2:56:55 pm | ||
| 999 | |a MARS | ||
| 999 | f | f | |s 8dcc72b5-d0a1-31a2-a096-3116172125f4 |i 417d0635-b6cd-3bb9-ae8c-7b2fd7f051f3 |t 0 |
| 952 | f | f | |p dvd |a Texas A&M University |b College Station |c Sterling C. Evans Library |d Evans: Media and Reserves (Annex 1st floor) |t 0 |e PN1992.77.J89 J874 2013 |h Library of Congress classification |i video -- videodisc |k disc 1/2 |m A14842201619 |
| 952 | f | f | |p dvd |a Texas A&M University |b College Station |c Sterling C. Evans Library |d Evans: Media and Reserves (Annex 1st floor) |t 0 |e PN1992.77.J89 J874 2013 |h Library of Congress classification |i video -- videodisc |k disc 3 |m A14842201635 |
| 998 | f | f | |a PN1992.77.J89 J874 2013 |s disc 1-3 |t 0 |l Evans: Media and Reserves (Annex 1st floor) |